[Event "Turnier 40 / 120"]
[Site "Wien"]
[Date "2022.12.23"]
[Round "9"]
[White "Mephisto Atlanta SH7034 - 20 MHZ"]
[Black "Mephisto London 68000 - 12 MHZ"]
[Result "0-1"]
[BlackElo "2194"]
[WhiteElo "2192"]

{Analyse -----> Komodo 13.02.} 1. e4 e6 2. d4 d5 3. Nc3 Bb4 4. exd5 exd5 5.
Bd3 Nc6 6. Ne2 Nge7 7. O-O Bf5 8. Ng3 Bxd3 9. Qxd3 O-O {Buchende} 10. Nce2
{Buchende} Bd6 {Buchbewertung Mephisto London 68000: -0,06} 11. c3
{Buchbewertung Mephisto Atlanta: +0,1 / lt. Komodo steht Weiss knapp besser
mit ca. +0,30} Re8 12. Bf4 Qd7 13. Rfe1 Ng6 14. Bxd6 Qxd6 15. Nf5 Qe6 16.
Qf3 Rad8 17. b3 h6 18. Rad1 a6 19. Ra1 a5 20. Rac1 b6 21. Rcd1 Nb8 22. Kf1
Qd7??? {ein Verlustzug, danach ist die Partie bereits klar verloren, Komodo
-2,50 mit der Fortsetzung S2g3, nötig war De4 mit nur ca. -0,50} 23. Neg3!
{der richtige Zug, Atlanta sieht aber noch kaum Vorteil, nur +0,2} Rxe1+
{Mephisto London 68000: -1,03 sieht sich hingegen schon klar im Nachteil}
24. Rxe1 {Mephisto Atlanta: +0,5} Qb5+ {Mephisto London 68000: -1,30 /
Komodo -2,60} 25. Kg1 {Mephisto Atlanta: +0,5} Re8 26. Rxe8+ Qxe8 27. h3!
{ein starker Zug, deutlich besser als das verlockende Dxd5, nach 9 Minuten
schwenkt Atlanta noch um und spielt den Textzug, Komodo +2,00} Qe1+ {besser
ist Kf8, Komodo -2,50} 28. Kh2 Ne7 {ein schlechter Zug, deutlich mehr
Widerstand leistet noch Sd7, Komodo -3,70} 29. Nxe7+??? {ein
grottenschlechter Zug, der den Vorteil von Weiss mehr als halbiert, Komodo
+1,80, sofort gewonnen hätte Dg4} Qxe7 30. Qxd5 c6 31. Nf5 Qc7+ 32. Qd6
Qxd6+ 33. Nxd6 Nd7 34. c4 Kf8 35. Nf5 h5 36. Kg3 g6 37. Nd6 Ke7 38. Ne4
{besser ist Sb7} Ke6 39. Kf4 {Komodo +2,40} f6 40. Ke3 h4 41. Kf4 b5? {ein
ganz schlechter Zug, danach ist die Partie bereits hoffnungslos verloren,
Komodo -4,00, deutlich besser ist noch f5 mit ca. -2,50} 42. Nd2? {aber
auch das ist alles andere als optimal, sofort gewonnen hätte cxb5, Komodo
+2,50} g5+ 43. Kg4 bxc4 44. bxc4 c5 45. d5+ Ke5 46. Nb3 {deutlich besser
ist g3 mit ca. +5,50, der Textzug ist um ganze 2 Bauerneinheiten
schlechter, reicht aber natürlich auch zum Gewinn, Komodo +3,50} a4 47. Na5
Ke4 48. Nb7??? {was für ein aburder Katastrophenzug, einfach unfassbar, um
ganze 4 Bauerneinheiten schlechter als der Gewinnzug f3+, verschenkt den
gesamten Vorteil, Komodo 0,00 mit der Fortsetzung Se5+, damit rechnet
Atlanta nicht, er rechnet mit der absurden Antwort Ke5 ???} Ne5+ 49. Kh5
Kd4 50. Nd6 Kd3? {ein schlechter Zug, danach ist Weiss wieder im Vorteil,
Komodo +1,00 mit der Fortsetzung Kh6, was auch Mephisto London verschlägt}
51. f3? {aber Atlanta verpasst die Gelegenheit, verschenkt neuerlich den
gesamten Vorteil, Komodo 0,00 mit der Fortsetzung Kc3} a3 52. Kh6 Kc3 53.
Kg7 Kb2 54. Kxf6 Kxa2 55. Nb5??? {ein absoluter Verlustzug, danach ist die
Partie sofort verloren, Komodo -7,00, das Remis hält nur Kxe5, das ist aber
sehr schwierig , da dann Schwarz zur Dame kommt, Weiss kann in der Folge
jedoch den D-Bauern bis D7 bringen und mit dem Springer decken und das
reicht zum Remis, die hierfür nötige Rechentiefe ist allerdings in jedem
Fall unerreichbar, auch Mephisto London 68000 hatte diesen Verlustzug
vorgeschlagen.} Nxc4 56. Kxg5 Nb6 57. d6 c4 58. Kxh4 Kb2 {Rest geschenkt,
was für eine unnötige Niederlage für Mephisto Atlanta, der hier ein 100 %
gewonnenes Endspiel verschenkt !!! - Leider typisch MORSCH !!!} 0-1
[/pgn]
[pgn]

[Event "Turnier 40 / 120"]
[Site "Wien"]
[Date "2022.12.23"]
[Round "10"]
[White "Mephisto London 68000 - 12 MHZ"]
[Black "Mephisto Atlanta SH7034 - 20 MHZ"]
[Result "1/2-1/2"]
[BlackElo "2192"]
[WhiteElo "2194"]

{Analyse ----> Komodo 13.02.} 1. c4 e5 2. Nc3 Nf6 3. Nf3 Nc6 4. g3 Bb4 5.
Bg2 O-O 6. O-O Re8 7. Nd5 Nxd5 8. cxd5 Nd4 {Buchende} 9. Ne1 {Buchende} Be7
{Buchbewertung Mephisto Atlanta: -0,1} 10. e3 {Buchbewertung Mephisto
London 68000: +0,42 / lt. Komodo steht Weiss etwas besser mit ca. +0,50}
Nb5 11. d4 exd4 12. exd4 Bf6 13. Be3 b6 14. Rc1 Nd6 15. Nd3 Ba6 16. Re1 Nf5
17. a3 Bxd4 18. Bxd4 Nxd4 {trotz des Bauerngewinnes von Schwarz ist die
Stellung im Lot, Komodo 0,00} 19. Nf4 {weniger gut, besser ist Da4, nach
dem Textzug ist Schwarz leicht im Vorteil, Komodo +0,50} Rxe1+ 20. Qxe1
Bb7? {ein schlechter Zug, der die Vorzeichen umkehrt, danach ist Weiss
leicht im Vorteil mit ca. +0,50 (der Textzug ist also eine ganze
Bauerneinheit schlechter als c5, leider verwarf Atlanta diesen Zug im
letzten Moment)} 21. Qe5 c5 22. dxc6 Nxc6 23. Qd6 Qe8 24. Rd1 Rd8 25. b4
Ba8 26. b5 {etwas besser ist Sd5, die Stellung ist im Lot, Komodo 0,00} Ne5
27. Nd5 Bxd5 28. Bxd5 Ng4 29. Qc7 Nf6 30. Bb7 Kf8 31. Bf3 d6? {ein
schlechter Zug, danach ist Weiss bereits klar im Vorteil, Komodo +1,00 mit
der Fortsetzung Dxa7, nötig war d5 und die Stellung wäre exakt im Lot} 32.
Rxd6? {Mephisto London 68000 verpasst die Chance in Vorteil zu gelangen,
der Textzug bringt keinerlei Vorteil für Weiss, Komodo 0,00} Rxd6 {auch
nicht optimal, nötig war Tc8 mit Ausgleich, Komodo -0,70} 33. Qxd6+ Kg8 34.
Bc6 Qf8 35. Qc7 Qxa3 36. Qb8+ Qf8 37. Qxa7 Qd8 {die Stellung ist wieder im
Lot} 38. Bf3 h6 39. Qb7 Ne8 40. Qc6 Nd6 41. Bg4 g5 42. Bh3 Kf8 43. Kg2 h5
44. Kg1 Kg7 45. Bf1 h4 46. Bh3 f5 47. gxh4 gxh4 48. Kf1 f4 49. Be6 Kf6 50.
Bd5 Kg5 51. Bb3 Nf5 52. Qg2+ Kf6 53. Bc2 Qd2 54. Qc6+ Kg5 55. Bxf5 Kxf5 56.
Qc8+ Kg5 57. Qg8+ Kf5 58. Qc8+ Kg5 59. Qg8+ Kf5 60. Qf7+ Kg5 61. Qg8+
{Stellungswiederholung} 1/2-1/2
[/pgn]
[pgn]

[Event "Turnier 40 / 120"]
[Site "Wien"]
[Date "2022.12.25"]
[Round "11"]
[White "Mephisto Atlanta SH7034 - 20 MHZ"]
[Black "Mephisto London 68000 - 12 MHZ"]
[Result "0-1"]
[BlackElo "2194"]
[WhiteElo "2192"]

{Analyse -----> Komodo 13.02.} 1. d4 d5 2. Nf3 c6 3. c4 Nf6 4. Nc3 dxc4 5.
a4 Bf5 6. Ne5 e6 7. f3 c5 8. e4 {Buchende} cxd4 9. exf5 {Buchbewertung
Mephisto Atlanta: +0,2} Bb4 10. fxe6? {ein schlechter Zug, deutlich besser
ist Lxc4 danach wäre Weiss bereits mit ca. +1,00 im Vorteil gewesen, nach
dem Textzug steht Weiss nur knapp besser mit ca. +0,30} dxc3 {besser ist
fxe6, Komodo -0,60} 11. Qxd8+ Kxd8 {Buchende} 12. Kd1? {ein schlechter Zug,
danach ist die Stellung etwa gleich, deutlich besser ist Sxf7+} cxb2
{Buchbewertung Mephisto London 68000: +0,09} 13. Bxb2 Ke7 14. Bxc4 fxe6 15.
Bd3 {besser ist Sd3, Komodo -0,60} Rd8 16. Ke2 Nbd7 17. Nxd7 Rxd7 18. Rhd1
Bd6 19. g3 Rc8 20. Rac1 Rxc1 21. Rxc1 g6 22. f4 {Schwarz steht trotz des
Mehrbauern nur knapp besser, Komodo +0,30} Bb4 {etwas besser ist Sd5, nach
dem Textzug ist die Stellung im Lot, Komodo 0,00} 23. Be5 Ng4 24. Rc8 Nxe5
25. fxe5 Kf7 26. Ke3 Be7 27. Ke4 a6 28. Rh8 h5 29. Bc4? {ein schlechter
Zug, danach ist Schwarz klar im Vorteil, Komodo +1,00 mit der Fortsetzung
Tc7, nötig war Tc8 mit nur sehr geringem Vorteil für Schwarz mit ca. +0,20}
Bc5? {das bringt allerdings keinerlei Vorteil für Schwarz, danach ist die
Partie Remis, Komodo 0,00} 30. Rh7+ Ke8 31. Rh8+ Ke7 32. Rh7+ Kd8 33. Rh8+
Kc7 34. Bxe6 Rd4+ 35. Kf3 Rxa4 36. Rh7+ Kb8 37. Bf7 Rg4 38. h4 a5 39. Rh6
a4 40. Rh8+??? {ein völlig absurder Zug, den man einfach nicht verstehen
kann das kann man nur noch als Groteske bezeichnen, warum nicht Txg6 wenn
man schon den Bauern angreift ??, nach dem Textzug steht Schwarz bereits
klar besser und nachdem Oldies ja fast immer Freibauern unterschätzen kann
man hier schon annehmen, überhaupt bei dem schwachen Endspiel von Atlanta,
dass diese Partie verloren geht, Komodo -1,10} Kc7 41. Be6 Rd4 42. Rg8
{besser ist noch Tc8+, nach dem Textzug ist die Partie praktisch schon
verloren, Komodo -1,60} a3 43. Rxg6? {besser ist noch Tg7+, nach dem
Textzug ist es wohl endgültig vorbei, Komodo -2,30} b5 {Mephisto London
68000 macht hingegen alles richtig, Komodo +2,50} 44. Rg5 {Atlanta hat
wahrlich keine Ahnung von diesem Endspiel und bewertet das hier erst mit
-0,40 / Komodo -3,50} b4 {Mephisto London 68000 sieht sich hingegen bereits
klar im Vorteil: +1,27} 45. Rxh5??? {und gleich der nächste
Katastrophenzug, Bewertung Atlanta: -0,2 ??? / Komodo -10,00, deutlich
besser ist noch Tg7+ verliert natürlich auch} b3 {sonnenklar} 46. Rh8 b2
{Rest geschenkt, neuerlich zeigt Atlanta seine größte Schwäche, die
Qualität des Endspieles, oder besser gesagt, die nicht vorhandene ist und
bleibt in Summe eine Katastrophenleistung.} 0-1
[/pgn]
[pgn]

[Event "Turnier 40 / 120"]
[Site "Wien"]
[Date "2022.12.26"]
[Round "12"]
[White "Mephisto London 68000 - 12 MHZ"]
[Black "Mephisto Atlanta SH7034 - 20 MHZ"]
[Result "1/2-1/2"]
[BlackElo "2192"]
[WhiteElo "2194"]

{Analyse -----> Komodo 13.02.} 1. e4 c5 2. Nf3 Nc6 3. d4 cxd4 4. Nxd4 g6 5.
c4 Bg7 6. Be3 Nf6 7. Nc3 Ng4 8. Qxg4 Nxd4 9. Qd1 Ne6 10. Rc1 b6 11. Bd3
{Buchende} Bb7 {Buchende} 12. O-O {Buchbewertung Mephisto London 68000:
+0,12} O-O {Buchbewertung Mephisto Atlanta: 0,0 / lt. Komodo steht Weiss
etwas besser mit ca. +0,60} 13. Qd2 Nd4 14. Bh6 Bxh6 15. Qxh6 Rc8 16. Rfd1
d6 17. Bf1 e5 18. Bd3 {die Stellung ist im Lot} f5 19. exf5 Nxf5 {besser
ist gxf5} 20. Qh3 {auch nicht ideal, besser ist Lxf5, die Stellung ist
wieder im Lot, Komodo 0,00} Qg5 21. Bxf5 Rxf5 22. Nb5 Rd8 23. Rc2 {besser
ist Tc3} Qf4 24. f3? {ein schlechter Zug, danach ist Schwarz klar im
Vorteil, Komodo +1,20 mit der Fortsetzung a6, deutlich besser ist Dg3 mit
nur sehr geringem Vorteil für Schwarz mit ca. +0,30} a6 25. Na3 e4 26. Qg4?
{deutlich schwächer als Dg3, danach ist die Partie praktisch schon
verloren, Komodo -2,30} exf3??? {ein grottenschlechter Zug, der einen
Grossteil des Vorteiles verspielt, Komodo +0,90, nötig war De5 und Schwarz
gewinnt} 27. Qxf4 {sonnenklar, die Dame ist aus dem Spiel und damit der
ganze schwarze Angriff praktisch zu nichte gemacht} Rxf4 28. g3 Rf6 29.
Rcd2 Kf7 30. Nc2 Ke7 31. a4 Rdf8 32. Kf2 g5 {nach mehreren kleineren
Ungenauigkeiten ist Schwarz nur noch knapp im Vorteil, Komodo +0,50} 33.
Re1+ Kd7 34. Ne3 Rh6 35. Ng4 Re6 36. Ne3 a5 37. b3 h5 38. h3 Rf7 39. Rc1
Re5 40. Rcd1 Rf6 41. g4 {besser ist Td3, Komodo -1,30 mit der Fortsetzung
Tfe6} h4?? {ein ganz schlechter Zug, der den Vorteil von Schwarz halbiert,
Komodo +0,70} 42. Nf5? {ein ganz schlechter Zug, der den Nachteil von Weiss
wieder verdoppelt, Komodo -1,50} Kc7??? {so aber nicht, dieser Zug ist noch
schlechter und verschenkt den gesamten Vorteil, die Stellung ist im Lot,
Komodo 0,00, deutlichen Vorteil versprach Te2+, was auch Mephisto London
68000 vorschlug} 43. Nxd6 {besser ist Sd4, Komodo -0,50} Re2+ 44. Kf1 Rxd2
45. Nb5+ Kc6 46. Rxd2 Kc5 47. Kf2 Re6? {ein schwacher Zug, danach ist die
Stellung im Lot, deutlich besser ist Kb4 mit ca. +0,80 für Schwarz} 48.
Nd4??? {ein Verlustzug, danach ist die Partie sofort verloren, Komodo -3,00
mit der Fortsetzung Td6} Re8?? {verpasst den sofortigen Gewinn, aber auch
nach dem Textzug bleibt Schwarz klar im Vorteil, Komodo +1,80} 49. Nb5???
{der nächste absolute Verlustzug, danach ist alles vorbei, Komodo -5,50 mit
der Fortsetzung Te2+} Re2+! {diesmal macht Mephisto Atlanta den richtigen
Zug, sieht aber noch keinen grossen Vorteil, nur +0,3} 50. Rxe2 {Mephisto
London 68000 sieht hingegen gleich den Fehler ein: -1,27} fxe2 51. Nc7
{Mephisto London 68000: -1,30} Bg2 {Mephisto Atlanta: +0,4 / besser ist
Kd6, aber auch nach dem Textzug ist die klar gewonnen, Komodo +5,00} 52.
Ne6+ {Mephisto London 68000: -0,87} Kb4 {Mephisto Atlanta: +0,7 / Komodo
+6,00} 53. Nxg5 Bf1??? {was für ein Katastrophenzug !!!, faierweise sei
noch dazu gesagt, auch Mephisto London 68000 hatte diesen vorgeschlagen,
verschenkt nahezu den gesamten Vorteil, danach ist die Partie wohl Remis,
Komodo nur noch +0,50 für Schwarz, sofort gewonnen hätte Kxb3 mit +6,00
!!!} 54. Nf3 Bxh3 55. g5 Kxb3 56. Kxe2 {hier liegt aber nun auch Komodo
13.02 völlig daneben, er sieht hier Schwarz bereits mit +1,50 im Vorteil
???, lt. Stockfish 15 ist es bereits Remis 0,00 !!!} Kxa4 57. g6 Be6 58.
c5??? {ein absoluter Verlustzug, völlig unerklärlich, was bitte soll das
sein ??, auch hier sei der Fairness halber gesagt, auch Mephisto Atlanta
hatte diesen Zug vorgeschlagen, da wollte er wohl den Gegner aufs Glatteis
führen, LOL, Komodo -8,00, nötig Sxh4 und es ist wohl Remis} bxc5 59. Nxh4
Kb3 60. Kd2 a4??? {ist ja nicht zu fassen, jetzt verschenkt Atlanta
nochmals diese 100 % gewonnene Stellung, danach ist es wieder Remis, nötig
war natürlich das mehr als Offensichtlich Kb2, was wohl jeder menschliche
Spieler ohne nachzudenken sofort spielen würde.} 61. Kc1 a3 62. Kb1 {in
dieser Stellung versagt selbst Komodo 13.02. er erkennt hier nicht, das
Schwarz den falschen Läufer hat und der Randbauer nicht verwertbar ist,
Weiss braucht lediglich mit dem Springer den C-Bauern stoppen und es ist
sofort Remis, Komodo glaubt hier selbst im 43. HZ und einer Bedenkzeit von
7 Minuten immer noch an einen Vorteil von +4,50, lt. Stockfish 15 ist es
nach 1 Sekunde !! Bedenkzeit bereits Remis mit 0,00} c4 63. g7??? {ein
absoluter Verlustzug, danach ist die Partie sofort verloren, c3 und
Stockfish zeigt bereits Matt in 24 an.} a2+??? {und wieder verschenkt
Atlanta alles, es ist wieder Remis, der falsche Läufer wird wieder
schlagend, also dieses Endspiel wird wirklich auf einem absoluten
HORRORNIVEAU gespielt von beiden Geräten !!!!} 64. Ka1 c3 65. Nf3 Ka4 66.
Nd4 Bc4 67. Nc2 Bd5 68. Nd4 Bf7 69. Nc2 Kb3 70. Nd4+ {Seid mir nicht böse
aber an dieser Stelle habe ich wahrlich genug gesehen von diesem HORROR,
ein indiskutables Niveau in diesem Fall von beiden Geräten für diese
Kategorie einfach nur noch UNWÜRDIG !!!! / Userentscheid: Remis} 1/2-1/2
[/pgn]
[pgn]

[Event "Turnier 40 / 120"]
[Site "Wien"]
[Date "2022.09.25"]
[Round "13"]
[White "Mephisto Atlanta SH7034 - 20 MHZ"]
[Black "Mephisto London 68000 - 12 MHZ"]
[Result "0-1"]
[BlackElo "2194"]
[WhiteElo "2192"]

{Analyse ----> Komodo 13.02.} 1. d4 Nf6 2. c4 e6 3. Nf3 b6 4. Nc3 Bb7 5.
Bg5 h6 6. Bh4 Bb4 7. e3 g5 8. Bg3 Ne4 9. Qc2 {Buchende} Bxc3+ 10. bxc3
{Buchbewertung Mephisto Atlanta: 0,0} d6 11. Bd3 Nxg3 12. hxg3 Nd7
{Buchende} 13. O-O-O g4 {Buchbewertung Mephisto London 68000: 0,00 / lt.
Komodo ist die Stellung etwa gleich, diese Eröffnung spielte Mephisto
London 68000 auch gegen Magellan, damals verlor Mephisto London 68000} 14.
Ne1 Nf6 15. f3 c5 16. e4 Nd7 17. d5 gxf3 {Hier weicht die Partie ab von
jener gegen Magellan, überraschenderweise sorgt nicht Atlanta, sondern
Mephisto London 68000 für die Abweichung, wohl aufgrund der
unterschiedlichen Bedenkzeiten, die Atlanta zu Magellan nahm, gegen
Magellan spielte Mephisto London 68000 den schlechteren Zug 17. Dg5+} 18.
gxf3 Qg5+ 19. Qd2 Qxg3 20. dxe6 fxe6 21. Bc2 Rd8? {ein schlechter Zug, hier
bietet sich die Chance für Weiss in Vorteil zu kommen, Komodo +1,00 mit der
Fortsetzung Sd3, nötig war h5 mit leichtem Vorteil für Schwarz} 22. Qxd6?
{doch Mephisto Atlanta antwortet mit einem noch schlechteren Zug, der die
Vorzeichen wieder umkehrt, danach ist Schwarz leicht im Vorteil, Komodo
+0,30} Qxd6 23. Rxd6 Ke7 24. Rd2 Ne5 25. Rdh2 Nf7 26. Kb2 Rhg8 27. Rh5?
{ein schlechter Zug, danach ist Schwarz bereits klar im Vorteil, Komodo
+0,90 mit der Fortsetzung Td2, Mephisto Atlanta verwirft leider im letzten
Moment den deutlich besseren Zug Kb3, danach wäre Schwarz nur knapp im
Vorteil gewesen mit ca. +0,40} Rd2 28. Kc1 Rf2 29. R1h2 Rf1 30. Rh1 Rxh1
31. Rxh1 e5 32. Kb2?? {das ist natürlich völliger Schwachsinn, der König
muss sich natürlich zur Mitte orientieren, nötig war natürlich Kd2, nach
dem Textzug ist die Partie praktisch schon verloren, Komodo -1,50, nach Kd2
wäre Schwarz nur etwa mit +0,70 im Vorteil gewesen.} Kf6 {klar schwächer
als Tg3, Komodo +1,00} 33. Rh4??? {ein Verlustzug !!!, danach ist die
Partie sofort verloren, Komodo -2,80 mit der Fortsetzung Tg1} Rg3?
{schwächer als Tg1, aber auch danach steht Schwarz auf Gewinn, Komodo
+2,20} 34. f4 Re3 35. Ng2? {ein ganz schlechter Zug, danach ist alles
vorbei, Komodo -3,00, deutlich besser ist noch fxe5+} Re2 36. fxe5+ Nxe5
37. Rxh6+ {bereits absolut hoffnungslos für Weiss, Komodo -4,50} Kg7 38.
Re6 Bxe4?? {ein ganz schlechter Zug, um 2,5 Bauerneinheiten !! schlechter
als Sxc4, danach wäre bereits der Sg2 verloren gegangen und Schwarz hätte
eine ganze Mehrfigur gehabt, aber auch nach dem Textzug bleibt Schwarz
trotzdem klar im Vorteil, Komodo +2,00} 39. Rxe5 Rxc2+ 40. Kb3 Re2 41. Ka3
Kf6 42. Re8 Kf5 43. Rf8+ {besser ist noch Sh4+, Komodo -2,60} Kg4 44.
Nf4??? {ein absoluter Verlustzug, danach ist alles vorbei, Komodo -7,00 mit
der Fortsetzung Tf2, nötig war Tg8+, der Fairness halber sei noch gesagt,
auch Mephisto London hatte diesen Zug vorgeschlagen.} Rf2 45. Ne6 Rxf8 46.
Nxf8 Bf5 {Rest geschenkt, der Springer ist natürlich verloren} 0-1
[/pgn]
[pgn]

[Event "Turnier 40 / 120"]
[Site "Wien"]
[Date "2022.12.27"]
[Round "14"]
[White "Mephisto London 68000 - 12 MHZ"]
[Black "Mephisto Atlanta SH7034 - 20 MHZ"]
[Result "0-1"]
[BlackElo "2192"]
[WhiteElo "2194"]

{Analyse ----> Komodo 13.02.} 1. d4 d5 2. c4 c6 3. Nf3 Nf6 4. Nc3 dxc4 5.
a4 Na6 6. e4 Bg4 7. Bxc4 e6 8. Be3 Bb4 {Buchende} 9. Qc2 {Buchende} O-O
{Buchbewertung Mephisto Atlanta: 0,0} 10. Ne5 {Buchbewertung Mephisto
London 68000: +0,15 / lt. Komodo steht Weiss etwas besser mit ca. +0,50}
Nc7? {ein schlechter Zug, danach steht Weiss bereits klar besser, Komodo
+1,50 mit der Fortsetzung f3, leider verwirft hier Mephisto Atlanta im
letzten Moment den weit stärkeren Zug 10. c5, danach wäre Weiss nur knapp
im Vorteil gewesen mit ca. +0,50} 11. O-O {etwas schwächer als f3, aber
Weiss bleibt klar im Vorteil, Komodo +1,20} Bh5 12. f3 Nd7 13. Qf2 {besser
ist Sd3, Komodo +0,80} Nxe5? {ein schlechter Zug, danach ist Weiss bereits
entscheidend im Vorteil, Komodo -1,70, weit besser ist f5} 14. dxe5 a6
{immer noch war f5 klar vorzuziehen, nach dem Textzug ist die Partie
bereits verloren, Komodo -2,00} 15. Ne2 Bg6 16. Nf4 Qe7 17. Rfd1 Rac8 18.
h4 h6 19. Nxg6? {deutlich schwächer als Lf1, dennoch bleibt Weiss klar im
Vorteil, Komodo +1,20 (Lf1 schätzt er bereits mit +2,20 ein, büsst also
eine Bauerneinheit ein)} fxg6 20. Rac1 Rcd8 21. Bb3 Rxd1+ 22. Rxd1 c5 23.
Qg3? {ein schlechter Zug, der den gesamten Vorteil verspielt, Komodo 0,00
mit der Fortsetzung b5, nötig war Tc1 mit ca. +1,00 für Weiss} Qf7?
{ebenfalls schwach, danach ist Weiss wieder im Vorteil, Komodo +1,00} 24.
Rc1 b6 25. Rd1 {klar schwächer als f4, danach ist Weiss nur noch knapp im
Vorteil mit ca. +0,40} b5 26. axb5 {besser ist Df2, die Stellung ist wieder
im Lot, Komodo 0,00} axb5 27. Ra1 c4 28. Bc2 c3 29. bxc3 Bxc3 30. Ra3 b4
31. Ra7 Ra8 32. Rxa8+ Nxa8 33. Bb3 Qe8? {das ist natürlich völliger Unsinn,
was soll das bringen ?, nach dem Textzug ist Weiss wieder klar im Vorteil,
Komodo +1,00, nötig war entweder Kh7 oder Sc7 mit nur sehr geringem Vorteil
für Weiss mit ca. +0,30} 34. Bc5? {deutlich besser ist f4, nach dem Textzug
ist Weiss nur hauchdünn im Vorteil mit ca. +0,30} Nc7 35. Kh1 {besser ist
Kh2, die Stellung ist im Lot} Kf7? {der König muss nach h7, Komodo -0,60}
36. Qf4+? {bringt auch nicht, besser ist Kh2, die Stellung ist wieder im
Lot} Kg8 37. Bd6 Nb5 38. Ba4 Bd4 {die Stellung ist im Lot, Komodo 0,00} 39.
g3??? {ein Verlustzug, danach ist die Partie sofort verloren, Komodo -3,50
mit der Fortsetzung Da8} Qa8! {Mephisto Atlanta macht den richtigen Zug,
sieht sich allerdings klar im Nachteil, Bewertung -1,1} 40. Bxb5 {Mephisto
London sieht keine Gefahr, Bewertung +1,78, das ist allerdings der
ultimative Verlustzug danach ist alles aus, nötig war bereits ein
Figurenopfer mittels Df8+, Komodo -12,00 mit der Fortsetzung Da1+} Qa1+
{Mephisto Atlanta erkennt den Gewinn: +2,1 !} 41. Kg2 {Mephisto London
68000: -0,57, in Erwartung von b3 ?} Qg1+ 42. Kh3 Be3 43. Qxe3 Qxe3 44. Bd7
Kf7 45. Bxb4 Qxf3 46. Kh2 Qe2+ 47. Kg1 Qe3+ 48. Kh2 Qf2+ 49. Kh1 Qxg3 {Rest
geschenkt, eine unnötige Niederlage für Mephisto London 68000} 0-1
[/pgn]
[pgn]